| Tag |
First Indicator |
Second Indicator |
Subfields |
| LEADER |
00000cam a22000008i 4500 |
| 001 |
in00004635789 |
| 006 |
m o d |
| 007 |
cr ||||||||||| |
| 008 |
210617t20222022cau ob 001 0 eng |
| 005 |
20230103223538.5 |
| 010 |
|
|
|a 2021029642
|
| 035 |
|
|
|a (OCoLC)on1262690015
|
| 040 |
|
|
|a DLC
|b eng
|e rda
|c DLC
|d OCLCO
|d OCLCF
|d UKKNU
|d VT2
|d OCLCO
|d YDX
|d JSTOR
|d SFB
|
| 019 |
|
|
|a 1294685725
|
| 020 |
|
|
|a 9780520386105
|q (epub)
|
| 020 |
|
|
|a 0520386108
|
| 020 |
|
|
|z 9780520386099
|q (paperback)
|
| 035 |
|
|
|a (OCoLC)1262690015
|z (OCoLC)1294685725
|
| 037 |
|
|
|a 22573/ctv2r97j7g
|b JSTOR
|
| 042 |
|
|
|a pcc
|
| 050 |
0 |
0 |
|a PN1993.5.N55
|
| 072 |
|
7 |
|a PER
|x 004030
|2 bisacsh
|
| 072 |
|
7 |
|a SOC
|x 008010
|2 bisacsh
|
| 072 |
|
7 |
|a HIS
|x 001050
|2 bisacsh
|
| 082 |
0 |
0 |
|a 384/.809669
|2 23
|
| 049 |
|
|
|a TXAM
|
| 100 |
1 |
|
|a Tsika, Noah,
|d 1983-
|e author.
|
| 245 |
1 |
0 |
|a Cinematic independence :
|b constructing the big screen in Nigeria /
|c Noah Tsika.
|
| 263 |
|
|
|a 2202
|
| 264 |
|
1 |
|a Oakland, California :
|b University of California Press,
|c [2022]
|
| 264 |
|
4 |
|c ©2022
|
| 300 |
|
|
|a 1 online resource
|
| 336 |
|
|
|a text
|b txt
|2 rdacontent
|
| 337 |
|
|
|a computer
|b c
|2 rdamedia
|
| 338 |
|
|
|a online resource
|b cr
|2 rdacarrier
|
| 504 |
|
|
|a Includes bibliographical references and index.
|
| 505 |
0 |
|
|a Introduction : screening Nigeria -- "The Nigeria solution" : creative destruction and the making of a media capital -- Enugu in technicolor : independent production in late-colonial Nigeria -- Ends and beginnings : rebuilding the big screen -- Exhibiting Nollywood (and Hollywood) : multiplexes, amusement parks, and the economy of experiences in today's Nigeria -- Conclusion : "affective ambience" : New Nollywood and the persistence of Disneyfication.
|
| 520 |
|
|
|a "Cinematic Independence traces the emergence, demise, and rebirth of big-screen film exhibition in Nigeria. Film companies flocked to Nigeria in the years following independence, beginning a long history of interventions by Hollywood and corporate America. The 1980s and 90s saw a shuttering of cinemas, which were almost entirely replaced by television and direct-to-video movies. After 1999, the exhibition sector was again revitalized with the construction of multiplexes. Cinematic Independence is about the periods that straddle this disappearing act: the decades bracketing independence in 1960, and the years after 1999. At stake in both instances is the postcolony's role in global debates about the future of the movie theater. That it was eventually resurrected in the flashy form of the multiplex is not simply an achievement of commercial real estate but also a testament to cinema's persistence--its capacity to stave off annihilation or, in this case, come back from the dead"--
|c Provided by publisher.
|
| 588 |
|
|
|a Description based on print version record and CIP data provided by publisher; resource not viewed.
|
| 650 |
|
0 |
|a Motion pictures
|z Nigeria
|x History
|y 20th century.
|
| 650 |
|
0 |
|a Motion picture theaters
|z Nigeria
|x History
|y 20th century.
|
| 650 |
|
6 |
|a Cinéma
|z Nigeria
|x Histoire
|y 20e siècle.
|
| 650 |
|
7 |
|a History / Africa / West.
|2 bisacsh
|
| 650 |
|
7 |
|a Performing Arts / Film / History & Criticism.
|2 bisacsh
|
| 650 |
|
7 |
|a Social Science / Ethnic Studies / African Studies.
|2 bisacsh
|
| 650 |
|
7 |
|a PERFORMING ARTS / Film & Video / History & Criticism
|2 bisacsh
|
| 650 |
|
7 |
|a Motion picture theaters.
|2 fast
|0 (OCoLC)fst01027261
|
| 650 |
|
7 |
|a Motion pictures.
|2 fast
|0 (OCoLC)fst01027285
|
| 651 |
|
7 |
|a Nigeria.
|2 fast
|0 (OCoLC)fst01205229
|
| 648 |
|
7 |
|a 1900-1999
|2 fast
|
| 655 |
|
7 |
|a Electronic books.
|2 local
|
| 655 |
|
7 |
|a History.
|2 fast
|0 (OCoLC)fst01411628
|
| 710 |
2 |
|
|a JSTOR (Organization)
|
| 776 |
0 |
8 |
|i Print version:
|a Tsika, Noah, 1983-
|t Cinematic independence
|d Oakland, California : University of California Press, [2022]
|z 9780520386099
|w (DLC) 2021029641
|
| 856 |
4 |
0 |
|u https://www.jstor.org/stable/10.2307/j.ctv2rb76f5
|z Connect to the full text of this electronic book
|t 0
|
| 955 |
|
|
|a JSTOR Open Access ebooks
|
| 994 |
|
|
|a 92
|b TXA
|
| 999 |
f |
f |
|s ad209409-d873-4c06-89de-ad8327218b05
|i 6a1a08fa-8373-4cc9-9455-616f1f719b01
|t 0
|
| 952 |
f |
f |
|a Texas A&M University
|b College Station
|c Electronic Resources
|d Available Online
|t 0
|e PN1993.5.N55
|h Library of Congress classification
|
| 998 |
f |
f |
|a PN1993.5.N55
|t 0
|l Available Online
|